000 00903nam0a22002771 4500
001 v19\rc\2069124
005 20251118181631.3
035 _a(NLR Aleph) 005144589
090 _a4838516
_c4838516
100 _a20081111d1905 u y0rusy50 ca
101 0 _arus
102 _aRU
105 _ay z |||||
200 1 _aО предохранительных прививках против холеры
_f[Земск. врач Г.Ю. Реш]
210 _aЧистополь
_cтип. В.П. Правоторовой
_dценз. 1905
215 _a[2], 9 с.
_d21
300 _aАвт. указан в конце текста
700 1 _aРеш
_bГ.Ю.
_f1868-
_gГенрих Юльевич
801 0 _aRU
_bNLR
_gpsbo
801 0 _aRU
_bRuMoRGB
_2psbo
801 1 _aRU
_bProSoft-M
_2rusmarc
852 _aNLR
_j34.53.6.290
899 _aRuMoRGB
_jA 249/715
899 _aБАН
942 _cBOOK
980 _aNB